Science Quiz

Random Science or Math Quiz
Score 0/30 Timer 01:30
0 Plays Today
% Correct
True
90.5%
True
90.4%
True
90.4%
True
90.3%
True
90.2%
True
89.9%
False
89.9%
True
89.6%
False
89.5%
False
89.2%
True
88.7%
False
88.2%
False
87.7%
True
87.5%
True
87.4%
% Correct
False
87.4%
True
87.3%
False
87.1%
False
86.5%
False
85.7%
False
84.1%
True
83.5%
False
83.5%
False
78.4%
False
73.3%
True
70.5%
False
69.6%
False
65.4%
True
60.1%
True
56.9%
Remove Ads.
Support Sporcle.
Get the best of Sporcle when you Go Orange. This ad-free experience offers more features, more stats, and more fun while also helping to support Sporcle. Thank you for becoming a member.

You're not logged in!

Compare scores with friends on all Sporcle quizzes.
OR
Log In

Show Comments

Extras

Top Quizzes Today


Score Distribution

Your Account Isn't Verified!

In order to create a playlist on Sporcle, you need to verify the email address you used during registration. Go to your Sporcle Settings to finish the process.

Report this User

Report this user for behavior that violates our Community Guidelines.

Details: